El Ateneo de Madrid en el año académico de 1879-80 : (Record no. 190402)
[ view plain ]
| 000 -LEADER | |
|---|---|
| campo de control de longitud fija | 00656nab a2200181 i 4500 |
| 001 - NÚMERO DE CONTROL | |
| campo de control | 190402 |
| 003 - IDENTIFICADOR DE NÚMERO DE CONTROL | |
| campo de control | ES-MaACL |
| 005 - FECHA Y HORA DE LA ÚLTIMA TRANSACCIÓN | |
| campo de control | 20250806024742.0 |
| 008 - DATOS DE LONGITUD FIJA--INFORMACIÓN GENERAL | |
| campo de control de longitud fija | 210307d1880 sp 000 0 spa d |
| 040 ## - FUENTE DE CATALOGACIÓN | |
| Centro/agencia transcriptor | ES-MaACL |
| 100 1# - ENTRADA PRINCIPAL--NOMBRE DE PERSONA | |
| Nombre de persona | Sánchez Moguel, Antonio, |
| Fechas asociadas al nombre | 1838-1913 |
| Término indicativo de función/relación | Autor |
| 9 (RLIN) | 102783 |
| 245 13 - MENCIÓN DEL TÍTULO | |
| Título | El Ateneo de Madrid en el año académico de 1879-80 : |
| Resto del título | apuntamientos históricos / |
| Mención de responsabilidad, etc. | por Antonio Sánchez Moguel. |
| 610 24 - PUNTO DE ACCESO ADICIONAL DE MATERIA--NOMBRE DE ENTIDAD CORPORATIVA | |
| Nombre de entidad corporativa o nombre de jurisdicción como elemento de entrada | Ateneo de Madrid- |
| Subdivisión de forma | Historia |
| 9 (RLIN) | 1925 |
| 773 0# - ASIENTO DE ITEM FUENTE | |
| Título | Revista contemporánea, |
| Número Internacional Normalizado para Publicaciones Seriadas | ISSN 0213-8654, |
| Parte(s) relacionada(s) | t. 28, jul.-ag., 1880, p. 80-88 |
| Número bibliográfico anfitrión | 1801 |
| Número de control del registro | 1801 |
| Número de ítem anfitrión | 1837 |
| 942 ## - ELEMENTOS DE ENTRADA SECUNDARIOS (KOHA) | |
| Tipo de ítem Koha | Artículo de revista |
| Fuente del sistema de clasificación o colocación | Clasificación decimal universal |
| Suprimir en OPAC | No |
No items available.
